| 000 | 00351nam a2200145Ia 4500 | ||
|---|---|---|---|
| 999 |
_c9772 _d9772 |
||
| 003 | OSt | ||
| 005 | 20220303105707.0 | ||
| 008 | 220112s9999||||xx |||||||||||||| ||und|| | ||
| 020 | _a9789812453907 | ||
| 082 |
_a728 _bBRO |
||
| 100 | _aBorrĂ s, Montse | ||
| 245 | 0 | _aArchitectural houses - City Lofts | |
| 260 |
_aSingapore _bPage One _c2007 |
||
| 942 | _2ddc | ||